Statistiques concernant Classement par taux d'homicide volontaire

Cliquez ici pour prendre le quiz!

Statistiques générales

  • Ce quiz a été pris 65 fois
  • Le résultat moyen est 30 sur 195

Statistiques - réponses

RangContinentTaux (pour 100 000 hab)Pays% Correct
#1Amérique du Nord82,84Salvador
93%
#2Amérique du Nord56,52Honduras
75%
#3Amérique du Sud56,33Venezuela
75%
#4Amérique du Nord47,01Jamaïque
50%
#6Amérique du Nord37,60Belize
43%
#14Amérique du Sud25,50Colombie
40%
#11Amérique du Sud29,53Brésil
38%
#7Amérique du Nord36,46Saint-Vincent-et-les-Grenadines
35%
#9Afrique33,97Afrique du Sud
33%
#12Amérique du Nord28,40Bahamas
33%
#13Amérique du Nord27,26Guatemala
33%
#5Afrique41,25Lesotho
33%
#8Amérique du Nord34,23Saint-Christophe-et-Niévès
33%
#10Amérique du Nord30,88Trinité-et-Tobago
33%
#19Amérique du Sud18,37Guyana
30%
#194Europe0,30Islande
30%
#17Amérique du Nord19,26Mexique
30%
#35Europe/Asie10,82Russie
30%
#195Asie0,28Japon
28%
#16Amérique du Nord19,27Sainte-Lucie
28%
#18Océanie18,65Tuvalu
28%
#136Amérique du Nord1,68Canada
25%
#15Afrique19,76République centrafricaine
25%
#22Amérique du Nord15,18République dominicaine
25%
#77Amérique du Nord5,35Etats-Unis
23%
#61Amérique du Nord7,37Nicaragua
23%
#37Amérique du Nord10,33Antigua-et-Barbuda
20%
#166Océanie0,94Australie
20%
#23Afrique15,04Botswana
20%
#99Amérique du Sud3,46Chili
20%
#28Amérique du Nord11,90Costa Rica
20%
#20Afrique17,29Eswatini
20%
#38Amérique du Nord10,25Grenade
20%
#39Amérique du Nord10,04Haïti
20%
#21Afrique17,14Namibie
20%
#191Asie0,38Qatar
20%
#193Asie0,32Singapour
20%
#69Europe6,34Ukraine
20%
#74Amérique du Sud5,94Argentine
18%
#33Amérique du Nord10,91Barbade
18%
#80Amérique du Nord4.99Cuba
18%
#51Amérique du Nord8,37Dominique
18%
#187Europe0,51Norvège
18%
#162Océanie0,99Nouvelle-Zélande
18%
#43Amérique du Nord9,67Panama
18%
#36Océanie10,40Papouasie-Nouvelle-Guinée
18%
#46Amérique du Sud9,29Paraguay
18%
#57Amérique du Sud7,67Pérou
18%
#185Europe0,54Suisse
18%
#72Amérique du Sud6,10Suriname
18%
#165Océanie0,95Tonga
18%
#55Amérique du Sud7,69Uruguay
18%
#186Asie0,52Bahreïn
15%
#70Amérique du Sud6,30Bolivie
15%
#174Asie0,70Corée du Sud
15%
#75Amérique du Sud5,85Equateur
15%
#181Europe0,63Espagne
15%
#148Europe1,35France
15%
#84Océanie4.70Îles Marshall
15%
#59Océanie7,50Kiribati
15%
#149Océanie1,31Nauru
15%
#109Océanie3,11Palaos
15%
#184Europe0,55Pays-Bas
15%
#32Asie11,02Philippines
15%
#96Océanie3,77Salomon
15%
#108Océanie3,15Samoa
15%
#190Europe0,48Slovénie
15%
#178Europe0,66Autriche
13%
#98Europe3,58Biélorussie
13%
#189Asie0,49Brunei
13%
#31Afrique11,49Cap-Vert
13%
#182Asie0,62Chine
13%
#29Afrique11,63Côte d'Ivoire
13%
#168Asie0,89Emirats Arabes Unis
13%
#106Europe3,19Estonie
13%
#123Océanie2,26Fidji
13%
#188Asie0,50Indonésie
13%
#101Europe3,36Lettonie
13%
#79Europe5,25Lituanie
13%
#85Océanie4.67Micronésie
13%
#106Europe3,19Moldavie
13%
#178Asie0,66Oman
13%
#30Afrique11,52Ouganda
13%
#25Afrique13,55République démocratique du Congo
13%
#183Europe0,61République tchèque
13%
#27Afrique12,74Seychelles
13%
#24Afrique13,90Soudan du Sud
13%
#26Asie12,80Turkménistan
13%
#127Océanie2,13Vanuatu
13%
#68Asie6,35Afghanistan
10%
#113Europe2,70Albanie
10%
#146Afrique1,36Algérie
10%
#82Afrique4.85Angola
10%
#143Asie1,50Arabie saoudite
10%
#111Asie2,98Arménie
10%
#118Asie2,50Bangladesh
10%
#130Europe1,95Belgique
10%
#71Afrique6,18Bénin
10%
#157Asie1,13Bhoutan
10%
#122Asie2,27Birmanie
10%
#150Europe1,28Bosnie-Herzégovine
10%
#156Europe1,14Bulgarie
10%
#73Afrique6,02Burundi
10%
#93Afrique4.17Cameroun
10%
#158Asie1,11Chypre
10%
#54Afrique7,70Comores
10%
#90Asie4.40Corée du Nord
10%
#161Europe1,04Croatie
10%
#164Europe0,98Danemark
10%
#66Afrique6,48Djibouti
10%
#117Afrique2,51Egypte
10%
#52Afrique8,04Erythrée
10%
#58Afrique7,56Ethiopie
10%
#144Europe1,42Finlande
10%
#52Afrique8,04Gabon
10%
#47Afrique9,13Gambie
10%
#162Asie0,99Géorgie
10%
#171Europe0,75Grèce
10%
#50Afrique8,82Guinée
10%
#44Afrique9,55Guinée-Bissau
10%
#121Afrique2,31Guinée équatoriale
10%
#129Europe2,07Hongrie
10%
#105Asie3,22Inde
10%
#41Asie9,85Irak
10%
#120Asie2,47Iran
10%
#170Europe0,80Irlande
10%
#146Asie1,36Israël
10%
#176Europe0,67Italie
10%
#141Asie1,55Jordanie
10%
#83Asie4.81Kazakhstan
10%
#81Afrique4.87Kenya
10%
#86Asie4.49Kirghizistan
10%
#139Europe1,60Kosovo
10%
#133Asie1,80Koweït
10%
#62Asie7,01Laos
10%
#94Asie3,99Liban
10%
#104Afrique3,23Libéria
10%
#118Afrique2,50Libye
10%
#173Europe0,72Luxembourg
10%
#140Europe1,59Macédoine du Nord
10%
#128Asie2,11Malaisie
10%
#171Asie0,75Maldives
10%
#166Europe0,94Malte
10%
#152Afrique1,24Maroc
10%
#132Afrique1,82Maurice
10%
#40Afrique9,94Mauritanie
10%
#87Europe4.46Monténégro
10%
#125Asie2,16Népal
10%
#88Afrique4.44Niger
10%
#41Afrique9,85Nigeria
10%
#97Asie3,70Ouzbékistan
10%
#89Asie4.41Pakistan
10%
#176Europe0,67Pologne
10%
#180Europe0,64Portugal
10%
#45Afrique9,32République du Congo
10%
#151Europe1,25Roumanie
10%
#153Europe1,20Royaume-Uni
10%
#116Afrique2,52Rwanda
10%
#174Europe0,70Saint-Marin
10%
#101Afrique3,36Sao Tomé-et-Principe
10%
#60Afrique7,38Sénégal
10%
#145Europe1,39Serbie
10%
#135Afrique1,71Sierra Leone
10%
#160Europe1,05Slovaquie
10%
#91Afrique4.31Somalie
10%
#159Europe1,08Suède
10%
#124Asie2,20Syrie
10%
#138Asie1,61Tadjikistan
10%
#169Asie0,82Taïwan
10%
#63Afrique6,95Tanzanie
10%
#48Afrique9,04Tchad
10%
#103Asie3,24Thaïlande
10%
#95Asie3,95Timor oriental
10%
#49Afrique9,00Togo
10%
#110Afrique3,05Tunisie
10%
#65Asie6,66Yémen
10%
#64Afrique6,67Zimbabwe
10%
#155Europe1,18Allemagne
8%
#154Europe1,19Andorre
8%
#126Asie2,14Azerbaïdjan
8%
#192Afrique0,37Burkina Faso
8%
#131Asie1,84Cambodge
8%
#136Afrique1,68Ghana
8%
#114Europe2,69Liechtenstein
8%
#55Afrique7,69Madagascar
8%
#134Afrique1,73Malawi
8%
#34Afrique10,90Mali
8%
#112Europe2,91Monaco
8%
#76Asie5,66Mongolie
8%
#100Afrique3,40Mozambique
8%
#67Afrique6,45Soudan
8%
#91Afrique4.31Turquie
8%
#142Asie1,52Viêt Nam
8%
#78Afrique5,30Zambie
8%
#115Asie2,55Sri Lanka
5%

Distribution des résultats

Percentile par nombre de réponses

% des personnes avec chaque résultat

Votre développement - résultats

Vous n’avez pas pris ce quiz